| 000 | 00978nam a22002057a 4500 | ||
|---|---|---|---|
| 003 | JO-AjAnu | ||
| 005 | 20250929132354.0 | ||
| 008 | 250929b jo ||||| |||| 00| 0 ara d | ||
| 040 |
_aJO-AjAnu _bara _cJO-AjAnu _dJO-AjAnu _erda |
||
| 041 | 0 |
_aara _hara |
|
| 050 |
_aK2400 _b2025 |
||
| 100 | 1 |
_aبني ياسين، وفاء طارق _eمعد _966718 |
|
| 245 | 0 |
_aحجية حكم التحكيم الإلكتروني = The validity of electronic arbitration awards / _cاعداد وفاء طارق بني ياسين ؛ اشراف احمد فهد البطوش |
|
| 260 | _a2025 | ||
| 300 | _a106 ورقة | ||
| 504 | _aرسالة جامعية (رسالة ماجستير في القانون)- جامعة عجلون الوطنية (عجلون، الاردن)- كلية الحقوق، قسم القانون، 2025. | ||
| 650 | 7 | 0 |
_aالتحكيم الالكتروني - قوانين وتشريعات _966719 |
| 700 | 1 |
_aالبطوش، أحمد فهد _959198 |
|
| 942 |
_2lcc _cTHS _n0 |
||
| 999 |
_c34021 _d34021 |
||